000 00594cab a22001695a 4500
001 L140715
008 071008e18080916xxk 000 0 eng d
035 _a(Sirsi) u140715
041 0 _aeng
245 0 0 _aAuction Mart
260 _c1808
490 _aMorning Chronicle
_v(12,275) 16 September 1808, 1(1)
520 _aAn announcement of the date of the ceremony for laying the first stone of the Auction Mart in Bartholomew Lane, together with a list of directors. On the verso are advertisement for auctions to be held.
651 4 _aLondon
690 _aAuctioneering
_96218
942 _n0
999 _c79324
_d79324